MARC

LEADER 00000cam a2200000 7i4500
001 0000002711
005 20031117.0
090 0 0 |a FAO634.909594   |b KIN 1998 
100 1 0 |a KINGSADA   |h Khamoheuane 
245 1 0 |a Summary of the country outlook :   |b Lao PFR   |c by Khampheuane Kingsada 
260 0 0 |a Rome :   |b Food and Agriculture Organization of the United Nations ,   |c 1998 
300 |a 15 p. ;   |c 30 cm. 
440 0 0 |a Asia-Pacific forestry sector outlook study working paper series no. APFSOS/WP/38 
650 0 0 |a Forests and forestry   |z Laos 
710 1 1 |a Food and Agriculture Organization of the United Nations (FAO) 
998 |a JPSM 
999 |a 0000004790   |b Monograph   |c Food and Agriculture Organization   |e Default branch 
999 |a 0000004791   |b Monograph   |c Food and Agriculture Organization   |e Default branch